000 00555nam a2200181Ia 4500
005 20250923144902.0
008 008 250917s9999 xx 000 0 eng d
037 _aTextual
040 _aDSWL
_beng
_cDSWL
041 _aeng
_2eng
084 _qDSWL
100 _aSingh, Anjana
_9829430
245 2 _aA case study of distribute and destibute girls at the special school for Girls Delhi
_cby Anjana Singh
260 _aDelhi
_bDelhi School of Social Work
_c1964
300 _avi,79,xxip.
942 _cTEXL
999 _c1444569
_d1444569